000 00466nam a2200157Ia 4500
005 20250329112124.0
008 231217s9999 xx 000 0 und d
020 _a9788131420409
082 _a658.723 HUS;1 R
100 _aHussain, Armal Mishra. Santap, Sanhari. rd.
245 0 _aBuild operate transfer : Concepts and experiences
260 _c2008
_bIcfai
_aHyderabad
300 _aviii, 194
650 _aBuild,operate,transfer,experiences
942 _cAA
999 _c188906
_d188906